000 00554nam a2200181Ia 4500
005 20250508163822.0
008 008 250505s9999 xx 000 0 eng d
037 _aTextual
040 _aFEDL
_beng
_cFEDL
041 _aeng
_2eng
084 _a305.8, SUS
_qFEDL
100 _aBhan Susheela
245 0 _aImpact of ethnic violence on youth : A study of tribal-nontribal violence in Kokrajhar, Assam
260 _aDelhi, India
_bShipra Publications
_c1999
300 _a204p.
942 _cTEXL
_h305.8, SUS
999 _c1385440
_d1385440